01410nam a22002897a 450000100060000000300080000600500170001400800410003103500190007204000350009104100080012608200260013410000290016024501890018926000900037830000390046850200960050750400340060360000290063765000940066665000280076065001090078870000480089794200130094599900170095895201450097579565BD-RjUL20220614131522.0220315s2011 bg a|||| m||| 00| 0 eng d a(BD-RjUL)79565 aBD-RjULbengcBD-RjULdBD-RjUL aeng 223a333.956bEHF 2011 aEhshan, Md. Amimul9188410aFisheries Resources of a Floodplain of the North-Western region of Bangladesh with reference to its environmental aspects /cBy Md. Amimul Ehshan ;6Supervisor: NIM Abdus Salam Bhuiyan aRajshahi :bInstitute of Environmental Science, (IES), University of Rajshahi,c2011 a[xiv, 216 leaves :bill, ;c29.cm. aThesis (Ph. D.) -- Institute of Environmental Science, (IES), University of Rajshahi, 2011 aReferences : Leaves 181 - 197 y 93607 aFishery resourceszBangladeshzBogura District zAdamdighi Upazila zRoktodaha Beel93591 aFishes xEcology.93592 aFisheries xEnvironmental aspects zBangladeshzBogura DistrictzAdamdighi UpazilazRoktodaha Beel93608 aBhuiyan, NIM Abdus Salam, Supervisor 91886 2ddccTHE c79565d79565 102ddc40718THESESaRUCLbRUCLcDoc/Thed2012-11-13eController of Exam. , R.UoTHE 333.956 EHF 2011pD3410r2022-03-15 00:00:00tC-1yTHE